LEADER 02134nam 2200505 450 001 9910460132503321 005 20170918220409.0 010 $a1-68108-005-2 035 $a(CKB)3710000000366265 035 $a(EBL)3002840 035 $a(SSID)ssj0001468510 035 $a(PQKBManifestationID)11864859 035 $a(PQKBTitleCode)TC0001468510 035 $a(PQKBWorkID)11525616 035 $a(PQKB)11453185 035 $a(MiAaPQ)EBC1969548 035 $a(EXLCZ)993710000000366265 100 $a20150321h20152015 uy 0 101 0 $aeng 135 $aur|n|---||||| 181 $ctxt 182 $cc 183 $acr 200 00$aFrontiers in neurosurgery$hVolume 1$iNeuroEndovascular challenges /$feditor, Simone Peschillo 210 1$aSharjah, United Arab Emirates :$cBentham Science Publishers Ltd.,$d2015. 210 4$dİ2015 215 $a1 online resource (278 p.) 225 0 $aFrontiers in Neurosurgery,$x2405-741x ;$vVolume 1 300 $a"Bentham E-Books"--Cover. 311 $a1-68108-006-0 320 $aIncludes bibliographical references at the end of each chapters and index. 330 $aRemarkable advances have been made in embolization of cerebral aneurysms, arteriovenous malformations and stroke treatment during the past decades. Endovascular techniques are less invasive than other forms of neurosurgery. However, endovascular neurosurgery is becoming more complicated as the technology is becoming more sophisticated. Frontiers in Neurosurgery is an ebook series which triggers principle issues that still fuel debate in neurosurgery. The series is intended as a reference for practicing endovascular neurosurgeons, vascular neurosurgeons, interventional neurologists and neurora 410 0$aFrontiers in Neurosurgery 606 $aNervous system$xSurgery 608 $aElectronic books. 615 0$aNervous system$xSurgery. 676 $a617.48 702 $aPeschillo$b Simone 801 0$bMiAaPQ 801 1$bMiAaPQ 801 2$bMiAaPQ 906 $aBOOK 912 $a9910460132503321 996 $aFrontiers in neurosurgery$91916618 997 $aUNINA LEADER 03357nam 22006734a 450 001 9911018798203321 005 20200520144314.0 010 $a9786610554263 010 $a9781280554261 010 $a1280554266 010 $a9780470020258 010 $a0470020253 010 $a9780470020265 010 $a0470020261 035 $a(CKB)1000000000018883 035 $a(EBL)219773 035 $a(SSID)ssj0000244263 035 $a(PQKBManifestationID)11186048 035 $a(PQKBTitleCode)TC0000244263 035 $a(PQKBWorkID)10168413 035 $a(PQKB)10014289 035 $a(MiAaPQ)EBC219773 035 $a(OCoLC)85820114 035 $a(Perlego)2774902 035 $a(EXLCZ)991000000000018883 100 $a20030916d2004 uy 0 101 0 $aeng 135 $aur|n|---||||| 181 $ctxt 182 $cc 183 $acr 200 00$aSeparations and reactions in organic supramolecular chemistry /$fedited by Fumio Toda and Roger Bishop 210 $aHoboken, NJ $cWiley$dc2004 215 $a1 online resource (252 p.) 225 1 $aPerspectives in supramolecular chemistry ;$vv. 8 300 $aDescription based upon print version of record. 311 08$a9780470854488 311 08$a0470854480 320 $aIncludes bibliographical references and indexes. 327 $aSeparations and Reactions in Organic Supramolecular Chemistry; Contents; Contributors; Preface; 1 Inclusion Complexation as a Tool in Resolution of Racemates and Separation of Isomers; 2 Enantiomer Ordering and Separation During Molecular Inclusion; 3 Molecular Recognition of Crystalline Dipeptides and Its Application to Separation; 4 Separation of Isomers and Enantiomers by Bile Acid Derivatives; 5 Physicochemical Studies of Separation of Isomers by Supramolecular Systems; 6 Regioselective Synthesis of Fullerene Derivatives and Separation of Isomers of the Higher Fullerenes 327 $a7 Selective Reactions in Inclusion Crystals8 Supramolecular Control of Reactivity in the Solid State Using Linear Templates; 9 Development of a New Biocide as an Inclusion Complex; Cumulative Author Index; Cumulative Title Index; Index 330 $aA new volume in the ""Perspectives in Supramolecular Chemistry"" series focusing on separating supramolecular structures, a key step in supramolecular chemistry.Two guest editors have been at the forefront of the development of chromatographical methods to deal with supramolecular systems.Reactions of supramolecular structures show the way into the future of chemistry.Fumio Toda is one of the driving forces in the development of supramolecular separation systems.A practical title in the prestigious "Perspectives in Supramolecular Chemistry" series. 410 0$aPerspectives in supramolecular chemistry ;$vv. 8. 606 $aSupramolecular chemistry 606 $aChromatographic analysis 606 $aChemical reactions 615 0$aSupramolecular chemistry. 615 0$aChromatographic analysis. 615 0$aChemical reactions. 676 $a547/.1226 701 $aToda$b Fumio$01838394 701 $aBishop$b Roger$092922 801 0$bMiAaPQ 801 1$bMiAaPQ 801 2$bMiAaPQ 906 $aBOOK 912 $a9911018798203321 996 $aSeparations and reactions in organic supramolecular chemistry$94417355 997 $aUNINA